Statistiche per Primi 15 paesi interessati da Covid-19 - 7 apr 2021

Clicka qui per fare il quiz!

Statistiche generali

  • Questo quiz è stato fatto 6 volte
  • Il punteggio medio è 17 su 28

Statistiche sulle risposte

paese% Corretto
Brasile
100%
Germania
100%
Italia
100%
Regno Unito
100%
Russia
100%
Spagna
100%
Argentina
83%
Francia
83%
India
83%
Polonia
83%
Stati Uniti
83%
Svezia
83%
Messico
67%
Portogallo
67%
Belgio
50%
Cechia
50%
Colombia
50%
Iran
50%
Paesi Bassi
50%
Serbia
50%
Turchia
50%
Slovenia
33%
Ungheria
33%
Bahrain
17%
Estonia
17%
Israele
17%
Lituania
17%
Panama
17%

Distribuzione punteggi

Percentile per numero di risposta

Percentuale di utenti per punteggio

I tuoi punteggi nel tempo

Non hai fatto questo quiz